01913 a2200169 4500999001700000020001800017082001800035245009300053260004500146300001500191504001900206520129100225650006201516700001401578942001201592952013901604 c26157d26157 a9780199499069 a110.954bIND- aIndia and civilizational futuresb: backwaters collective on metaphysics and politics II bOxford University Pressc2019aNew Delhi axiv, 318p. aInclude Index  aIndia and Civilizational Futures is the second volume to emerge from the deliberations of the Backwaters Collective on Metaphysics and Politics, a group comprised largely of Indian scholars, writers, and intellectuals that was formed in late 2010 with the intent of considering how the intellectual and cultural resources of Indic civilization, and more broadly the Global South, might be deployed to introduce in commensurability and greater plurality into the world of modern knowledge systems. The members and friends of the Collective are animated by various passions: though some are interested in the decolonization of the university and in exploring other sites of learning, and others wish to put into serious question the most familiar categories that have informed humanistic inquiry and social science research, they are united both in their quest to engender an ecological plurality of knowledges and reinitiate metaphysics into the discourses of politics. The authors of the papers in this volume offer perspectives on India's past and intellectual traditions that suggest how we might liberate ourselves from the straightjackets of history, development, normal politics, the nation-state, and what globally passes for 'common sense' in various spheres of life and thought. aMetaphysicsvCivilizationvPolitics and governmentzIndia aLal Vinay 2ddccBK 00104070aNASSDOCbNASSDOCd2020-07-06eOPg766.50i2020-06-11l0o110.954 IND-p50924r2020-07-13 00:00:00v1050.00w2020-06-11yBK